Sustainable development and its socio-economic implication (Record no. 21995)

MARC details
000 -LEADER
fixed length control field 00530nam a2200133Ia 4500
082 ## - DEWEY DECIMAL CLASSIFICATION NUMBER
Classification number RD.0230
100 ## - MAIN ENTRY--AUTHOR NAME
Personal name Datta, Moushumi
Affiliation Nagindas Khandwala College of Commerce
Place Mumbai
245 #0 - TITLE STATEMENT
Title Sustainable development and its socio-economic implication
Sub Title : The case of Duars of West Bengal /
Statement of responsibility, etc Moushumi Datta
260 ## - PUBLICATION, DISTRIBUTION, ETC. (IMPRINT)
Year of publication 2014
Name of publisher/Sponsor Indian Council of Social Science Research
Place of publication New Delhi
300 ## - PHYSICAL DESCRIPTION
Number of Pages xxxi, 290p
650 ## - SUBJECT ADDED ENTRY--TOPICAL TERM
Topical Term Socio-economic implication West Bengal
Geographic subdivision India
650 ## - SUBJECT ADDED ENTRY--TOPICAL TERM
Topical Term Duars Development
Geographic subdivision India
-- West Bengal
942 ## - ADDED ENTRY ELEMENTS (KOHA)
Koha item type Research Reports
Source of classification or shelving scheme Dewey Decimal Classification
Holdings
Withdrawn status Lost status Damaged status Not for loan Home library Current library Date acquired Source of acquisition Full call number Accession Number Price effective from Koha item type
        NASSDOC Library NASSDOC Library 25/09/2017 RP Division, ICSSR RD 0230 49390 18/04/2019 Research Reports